000 00918nam a2200229Ia 4500
999 _c40985
_d40985
001 7633
003 GE_BSU
005 20240118123236.0
008 181216s1956||||ge |||||||||||||| || ||
040 _cGE_BSU
041 _ageo
080 _a821.353.1-31 დ–74
100 _aდონჟაშვილი, თინა
_920879
245 _aალაზანზე :
_bრომანი /
_cთინა დონჟაშვილი ; რედ. პლ.ბებია ; მხატვ. ვ. გიორგობიანი.
264 _aთბილისი :
_bსახელგამი,
_c1956.
300 _a553 გვ. ;
_c20 სმ.
653 _aალაზანზე
653 _aრომანი
700 _aბებია, პლ.
_eრედაქტორი
_918706
700 _aგიორგობიანი, ვ.
_eმხატვარი
_921076
942 _cBK
_2udc